000 00930nam a2200241Ia 4500
003 OSt
005 20220923214359.0
006 a|||||r|||| 00| 0
007 ta
008 220922b |||||||| |||| 00| 0 hin d
024 _a169,324
037 _cTextual
040 _aARTS
_cARTS
_bhin
041 _2hin
_ahin
082 _aO152,1J23,1, K7
100 _aकुतुबन, संपा.
245 0 _aंिमरगावती* मूल पाठ, पाठान्तर, टिप्पणी एवं शौध परमेश्वरीलाल गुप्त द्वारा
246 _aAnimaragāvatī: mūl pāṭha, pāṭhāntara, ṭippaṇī evan shaudh parameshvarīlāl gupta dvārā
260 _c1967
650 _aहिन्दी साहित्य
_9156264
942 _hO152,1J23,1, K7
_cTEXL
_2CC
999 _c323780
_d323780